| Tag |
First Indicator |
Second Indicator |
Subfields |
| LEADER |
00000cam a2200000 a 4500 |
| 001 |
in00001403799 |
| 005 |
20151020053155.0 |
| 008 |
971121s1994 paua b 000 0 eng d |
| 020 |
|
|
|a 0887406726 (pbk.)
|
| 035 |
|
|
|a (OCoLC)37990920
|
| 035 |
|
|
|9 AHM7271AM
|
| 040 |
|
|
|a SMI
|c SMI
|d TXA
|d UtOrBLW
|
| 041 |
1 |
|
|a eng
|h ger
|
| 049 |
|
|
|a TXAM
|
| 090 |
|
|
|a UF628
|b .F5413 1994
|
| 100 |
1 |
|
|a Fleischer, Wolfgang,
|d 1922-1999.
|
| 240 |
1 |
0 |
|a Deutsche Panzernahbekämpfungsmittel 1917-1945.
|l English
|
| 245 |
1 |
0 |
|a Panzerfaust and other German infantry anti-tank weapons /
|c Wolfgang Fleischer ; [translated by Edward Force].
|
| 264 |
|
1 |
|a Atglen, PA :
|b [Schiffer Pub.],
|c [1994]
|
| 264 |
|
4 |
|c [©1994]
|
| 300 |
|
|
|a 48 pages :
|b illustrations ;
|c 30 cm.
|
| 336 |
|
|
|a text
|b txt
|2 rdacontent
|
| 337 |
|
|
|a unmediated
|b n
|2 rdamedia
|
| 338 |
|
|
|a volume
|b nc
|2 rdacarrier
|
| 490 |
1 |
|
|a Schiffer military/aviation history
|
| 500 |
|
|
|a Translation of: Deutsche Panzernahbekämpfungsmittel 1917-1945.
|
| 504 |
|
|
|a Includes bibliographical references (page 2).
|
| 650 |
|
0 |
|a Antitank weapons.
|
| 650 |
|
0 |
|a Antitank guns
|z Germany.
|
| 610 |
2 |
0 |
|a Germany.
|b Heer
|x Equipment.
|
| 700 |
1 |
|
|a Force, Edward.
|
| 765 |
1 |
|
|a Fischer, Wolfgang.
|t Deutsche Panzernahbekämpfungsmittel 1917-1945.
|d [Wölfersheim-Berstadt?] : Podzun-Pallas Verlag,
|
| 830 |
|
0 |
|a Schiffer military/aviation history.
|
| 999 |
|
|
|a MARS
|
| 999 |
f |
f |
|s 3d2ac6d9-02dd-3475-8d3c-72258107fe6e
|i 658b6ed3-c7f2-351d-9074-f79ff4385a20
|t 0
|
| 952 |
f |
f |
|p noncirc
|a Texas A&M University
|b College Station
|c Cushing Memorial Library & Archives
|d Cushing: Ragan Military (Does not check out)
|t 0
|e UF628 .F5413 1994
|h Library of Congress classification
|i unmediated -- volume
|
| 952 |
f |
f |
|p ric
|a Texas A&M University
|b Rellis Campus
|c Joint Library Facility
|d Remote Storage
|t 0
|e UF628 .F5413 1994
|h Library of Congress classification
|i unmediated -- volume
|m A14823462105
|
| 998 |
f |
f |
|a UF628 .F5413 1994
|t 0
|l Cushing: Ragan Military (Does not check out)
|
| 998 |
f |
f |
|a UF628 .F5413 1994
|t 0
|l Remote Storage
|